<?xml version="1.0" encoding="UTF-8"?><?xml-stylesheet type="text/xsl" href="static/style.xsl"?><OAI-PMH xmlns="http://www.openarchives.org/OAI/2.0/" xmlns:xsi="http://www.w3.org/2001/XMLSchema-instance" xsi:schemaLocation="http://www.openarchives.org/OAI/2.0/ http://www.openarchives.org/OAI/2.0/OAI-PMH.xsd"><responseDate>2026-06-05T15:30:18Z</responseDate><request verb="GetRecord" identifier="oai:riuma.uma.es:10630/38992" metadataPrefix="marc">https://riuma.uma.es/rest/oai/request</request><GetRecord><record><header><identifier>oai:riuma.uma.es:10630/38992</identifier><datestamp>2026-02-03T10:49:36Z</datestamp><setSpec>com_10630_2254</setSpec><setSpec>col_10630_37953</setSpec></header><metadata><record xmlns="http://www.loc.gov/MARC21/slim" xmlns:dcterms="http://purl.org/dc/terms/" xmlns:doc="http://www.lyncode.com/xoai" xmlns:xsi="http://www.w3.org/2001/XMLSchema-instance" xsi:schemaLocation="http://www.loc.gov/MARC21/slim http://www.loc.gov/standards/marcxml/schema/MARC21slim.xsd">
   <leader>00925njm 22002777a 4500</leader>
   <datafield ind2=" " ind1=" " tag="042">
      <subfield code="a">dc</subfield>
   </datafield>
   <datafield ind2=" " ind1=" " tag="720">
      <subfield code="a">Melchor-Giménez, Enrique</subfield>
      <subfield code="e">author</subfield>
   </datafield>
   <datafield ind2=" " ind1=" " tag="260">
      <subfield code="c">2015</subfield>
   </datafield>
   <datafield ind2=" " ind1=" " tag="520">
      <subfield code="a">Las sociedades cooperativas se rigen por unos principios y valores particulares que las diferencian del resto de sociedades y justifican su especial protección. Dichos principios se traducen en una forma de organizar y desarrollar su actividad económica que no encuentra parangón en ninguna figura de nuestro ordenamiento jurídico. Es por ello que, en sede concursal, se plantean importantes dudas interpretativas que requieren ser estudiadas con detenimiento. EN el presente trabajo, analizaremos algunas de estas cuestiones, en concreto: la titularidad de la masa de gestión, la calificación concursal de los créditos de los socios de trabajo y el patrimonio de las secciones.</subfield>
   </datafield>
   <datafield ind1="8" ind2=" " tag="024">
      <subfield code="a">MELCHOR GIMÉNEZ, E.. “Algunas particularidades de la actuación económica de las cooperativas andaluzas y sus consecuencias concursales”, Diario La Ley, nº 8570, 2015, pp. 13-19.</subfield>
   </datafield>
   <datafield ind1="8" ind2=" " tag="024">
      <subfield code="a">https://hdl.handle.net/10630/38992</subfield>
   </datafield>
   <datafield tag="653" ind2=" " ind1=" ">
      <subfield code="a">Sociedades - Derecho</subfield>
   </datafield>
   <datafield tag="653" ind2=" " ind1=" ">
      <subfield code="a">Concurso de acreedores</subfield>
   </datafield>
   <datafield tag="653" ind2=" " ind1=" ">
      <subfield code="a">Derecho concursal</subfield>
   </datafield>
   <datafield tag="653" ind2=" " ind1=" ">
      <subfield code="a">Derecho mercantil</subfield>
   </datafield>
   <datafield ind2="0" ind1="0" tag="245">
      <subfield code="a">Algunas particularidades de la actuación económica de las cooperativas andaluzas y sus consecuencias concursales.</subfield>
   </datafield>
</record>
</metadata></record></GetRecord></OAI-PMH>